00742nam a2200205 a 450000100100000000500170001000800410002702000150006804000250008310000300010824500840013826000370022230000210025949000210028050000210030150000630032283000280038595201060041399900170051900004389520201002045031.0140508s1990 sp 001 0 spa d a8423917479 aDO-SdBNPbspacBNPHU1 aPiniés, Jaime de97179013aLa descolonización del Sáhara :bun tema sin concluir /cJaime de Piniés. aEspaña :bEspasa Calpe,c1990. a236 p. ;c24 cm.1 aEspasa crónica aIncluye índice aIncluye datos biográficos del autor en la contracubierta 0aEspasa crónica971791 0010507-18MOaGRbGRcOId2014-05-08iLF1l0o p43895-10r2020-06-25w2020-06-25y1ZNo se presta c43384d43384